00301nam a2200133Ia 4500008004100000100001800041245003000059260001500089260000900104300000800113546001200121690001700133999001700150170620s9999 xx 000 0 und d aPILLAI - K.K. 0aEXPERIMENTAL PHARMACOLOGY bCBS- DELHI c2006 a124 aEnglish aPHARMACOLOGY c31018d31018